000 00333nam a2200145Ia 4500
008 230718s9999 xx 000 0 und d
041 _aEng.
082 _a340
_bJUR-B
100 _aJura, Collin
245 0 _aBondaries and tasemeris
260 _aPakistan
_bSweat and Manual
_c1946
300 _a636
650 _aLaw
999 _c28906
_d28906